| 000 | 01049cam a22003015a 4500 | ||
|---|---|---|---|
| 001 | 17854334 | ||
| 005 | 20150615150239.0 | ||
| 008 | 130815s2014 enkad frb 001 0 eng d | ||
| 020 | _a9781446254639 (pbk. : alk. paper) | ||
| 020 | _a9781446246222 | ||
| 040 |
_aDLC _beng _cDLC _dEG-ScBUE |
||
| 082 | 0 | 4 |
_a378.17 _bCLE _222 |
| 100 | 1 |
_aCleaver, Elizabeth. _938172 |
|
| 245 | 1 | 0 |
_aTeaching and learning in higher education : _bdisciplinary approaches to educational enquiry / _cElizabeth Cleaver, Maxine Lintern and Mike McLinden. |
| 260 |
_aLondon : _bSAGE Publication Ltd., _c2014. |
||
| 300 |
_axxvi, 246 p. : _bcharts, tables ; _c24 cm. |
||
| 500 | _aIndex : p. 241-246. | ||
| 504 | _aBibliography : p. 223-240. | ||
| 650 | 0 |
_aCollege teaching. _2BUEsh |
|
| 650 | 0 |
_aEducation, Higher _xStudy and teaching. _2BUEsh |
|
| 650 |
_aEffective teaching. _2BUEsh |
||
| 651 | _2BUEsh | ||
| 653 |
_bCOMAME _bGGEN _cJune2015 |
||
| 655 |
_vreading book _934232 |
||
| 700 | 1 | _aLintern, Maxine. | |
| 700 | 1 | _aMcLinden, Mike. | |
| 942 |
_2ddc _k378.17 CLE |
||
| 999 |
_c19581 _d19553 |
||